LEY ESTATAL DEL EQUILIBRIO ECOLOGICO Y LA PROTECCION AL AMBIENTE (Registro nro. 68730)

Detalles MARC
000 -CABECERA
campo de control de longitud fija 00796nam a22001817a 4500
008 - DATOS DE LONGITUD FIJA--INFORMACIÓN GENERAL
campo de control de longitud fija 260701b mx ||||| |||| 000 0 spa d
040 ## - FUENTE DE LA CATALOGACIÓN
Lengua de catalogación spa
082 04 - NÚMERO DE LA CLASIFICACIÓN DECIMAL DEWEY
Número de clasificación 344.7245046
Número de documento/Ítem Q47
245 ## - MENCIÓN DE TÍTULO
Título LEY ESTATAL DEL EQUILIBRIO ECOLOGICO Y LA PROTECCION AL AMBIENTE
260 ## - PUBLICACIÓN, DISTRIBUCIÓN, ETC.
Lugar de publicación, distribución, etc. MÉXICO
300 ## - DESCRIPCIÓN FÍSICA
Extensión 21
Dimensiones 21.5 cm x 16.5 cm
336 ## - TIPO DE CONTENIDO
Fuente rdacontent
Término de tipo de contenido texto
Código de tipo de contenido txt
337 ## - TIPO DE MEDIO
Fuente rdamedia
Nombre/término del tipo de medio sin mediación
Código del tipo de medio n
338 ## - TIPO DE SOPORTE
Fuente rdacarrier
Nombre/término del tipo de soporte volumen
Código del tipo de soporte nc
505 ## - NOTA DE CONTENIDO CON FORMATO
Nota de contenido con formato ESTABLECE EL MARCO LEGAL PARA CONSERVAR LOS RECURSOS NATURALES, REGULAR EL USO DEL TERRITORIO Y PREVENIR LA CONTAMINACIÓN EN EL ESTADO. SU OBJETIVO PRINCIPAL ES GARANTIZAR EL DESARROLLO SUSTENTABLE Y LA PROTECCIÓN DEL MEDIO AMBIENTE.
650 ## - PUNTO DE ACCESO ADICIONAL DE MATERIA--TÉRMINO DE MATERIA
Término de materia o nombre geográfico como elemento de entrada CIENCIAS SOCIALES
Subdivisión de forma DERECHO
Subdivisión general DERECHO LABORAL, SOCIAL, EDUCATIVO, CULTURAL
942 ## - ELEMENTOS DE PUNTO DE ACCESO ADICIONAL (KOHA)
Fuente del sistema de clasificación o colocación Dewey Decimal Classification
Tipo de ítem Koha Colección Querétaro
Existencias
Estado de retiro Estado de pérdida Fuente del sistema de clasificación o colocación Estado dañado No para préstamo Código de colección Localización permanente Ubicación/localización actual Fecha de adquisición Fuente de adquisición Total de préstamos Signatura topográfica completa Fecha visto por última vez Número de copia Precio válido a partir de Tipo de ítem Koha
    Dewey Decimal Classification   Préstamo en Sala Colección Juvenil – Adulto BIBLIOTECA PÚBLICA CENTRAL ESTATAL “FRANCISCO CERVANTES” BIBLIOTECA PÚBLICA CENTRAL ESTATAL “FRANCISCO CERVANTES” 07/01/2026 DONACION   344.7245046 Q47 07/01/2026 EJ. 1 07/01/2026 Colección Querétaro